000 00420nam a22001697a 4500
005 20180323122548.0
008 160519b xxu||||| |||| 00| 0 eng d
020 _a81-87344-58-X
041 _aeng
082 _b3202
_a338.5024658
100 _aJain/ TR Khanna/OP
_9797
245 _aManagerial Economics
260 _aNew Delhi
_bVikash Publishing,
_c2010
300 _a588
650 _aManagement
_9241
942 _cBK
999 _c1096
_d1096